000 00578nam a2200229Ia 4500
005 20260320201308.0
008 008 262003s9999 xx 000 0 eng d
037 _aEBOOK
040 _aCRL
040 _beng
040 _cCRL
041 _2eng
041 _aeng
084 _qCRL
100 _aGorshe
_91134705
245 0 _aBroadband Access: Wireline and Wireless - Alternatives for Internet Services
260 _bIEEE
856 _uhttps://ieeexplore.ieee.org/servlet/opac?bknumber=8040143
942 _cEBOOK
999 _c1720354
_d1720354